| 000 | 00650nam a22002417a 4500 | ||
|---|---|---|---|
| 005 | 20230830112446.0 | ||
| 008 | 230220b2019 |||||||| |||| 00| 0 spa d | ||
| 020 | _a9788416228768 | ||
| 041 | _aESP | ||
| 082 | _a621.381.5 F812p | ||
| 100 | _aFraile Mora, Jesús | ||
| 100 | _aFraile Ardanuy, Jesús | ||
| 245 | _aProblemas resueltos de circuitos eléctricos | ||
| 260 | _aEspaña | ||
| 260 | _bIbergarceta Publicaciones | ||
| 260 | _c2019 | ||
| 300 | _a354 páginas | ||
| 650 | _aCIRCUITOS ELÉCTRICOS | ||
| 650 | _aCIRCUITOS DE CORRIENTE ALTERNA SINUSOIDAL | ||
| 650 | _aCIRCUITOS TRIFÁSICOS | ||
| 942 |
_cBK _2ddc |
||
| 999 |
_c13422 _d13422 |
||